Programming in C/ (Record no. 175626)

MARC details
000 -LEADER
fixed length control field 00854nam a22002417a 4500
005 - DATE AND TIME OF LATEST TRANSACTION
control field 20200911113041.0
010 ## - LCCN (DPL NO)
LC control number ENG-128414
020 ## - INTERNATIONAL STANDARD BOOK NUMBER
Terms of availability 489.00
International Standard Book Number 9789332543553
035 ## - SYSTEM CONTROL NUMBER
System control number EN-111946
037 ## - SOURCE OF ACQUISITION
Source of stock number/acquisition DBAD/PUB
082 ## - DEWEY DECIMAL CLASSIFICATION NUMBER
Classification number 005.133
100 ## - MAIN ENTRY--PERSONAL NAME
Personal name Kamthane, Ashok N.
245 ## - TITLE STATEMENT
Title Programming in C/
Statement of responsibility, etc by Ashok N. Kamthane and Amit Ashok Kamthane; edited by Neha Goomer and G. Sharmilee
250 ## - EDITION STATEMENT
Edition statement 3rd edition
260 ## - PUBLICATION, DISTRIBUTION, ETC. (IMPRINT)
Place of publication, distribution, etc Noida
Name of publisher, distributor, etc Pearson
Date of publication, distribution, etc 2020
270 ## - ADDRESS
Address 15th floor,Tower-B,Word Trade Tower,Plot no.1,Block-C sec 16,
City Noida
Postal code 201301
Telephone number 04466540100
Electronic mail address companysecretary.india@pearson.com
300 ## - PHYSICAL DESCRIPTION
Extent xiii;672p.
Dimensions 23.5cm(pbk)
Other physical details Tables and Illustrations
500 ## - GENERAL NOTE
General note Includes Appendix and Index
700 ## - ADDED ENTRY--PERSONAL NAME
Personal name Kamthane, Amit Ashok
700 ## - ADDED ENTRY--PERSONAL NAME
Personal name Goomer, Neha
700 ## - ADDED ENTRY--PERSONAL NAME
Personal name Sharmilee, G.
942 ## - ADDED ENTRY ELEMENTS (KOHA)
Source of classification or shelving scheme Dewey Decimal Classification
Item type English Books
Classification part 005.133
Call number suffix KAM
Holdings
Withdrawn status Lost status Not for loan Collection code Home library Current library Date acquired Source of acquisition Cost, normal purchase price Full call number Barcode Cost, replacement price Koha item type
      Non-fiction Sarojini Nagar Sarojini Nagar 11/09/2020 DBAD/PUB 489.00 005.133 KAM EN-111946 489.00 English Books

© Delhi Public Library
Hit Counter
free hit counter